[Event "Hannover Region-ch op"]
[Site "Hannover"]
[Date "2003.01.25"]
[Round "1"]
[White "Abel, Dennes"]
[Black "Sub, Leonid"]
[Result "1-0"]
[WhiteElo "1913"]
[BlackElo "1446"]
[PlyCount "59"]
[EventDate "2003.01.25"]
[EventType "swiss"]
[EventRounds "7"]
[EventCountry "GER"]
[SourceTitle "EXT 2022"]
[Source "ChessBase"]
[SourceDate "2021.10.06"]
[SourceVersion "1"]
[SourceVersionDate "2021.10.06"]
[SourceQuality "1"]

1. d4 d5 2. c4 dxc4 3. e3 b5 4. a4 Bb7 5. axb5 e5 6. Nf3 exd4 7. Qxd4 Qxd4 8. Nxd4 c5 9. Nf3 Bd6 10. Na3 Nd7 11. Nxc4 Bc7 12. Bd2 Ngf6 13. Bd3 0-0 14. Ba5 Nb6 15. 0-0 Nfd5 16. Nxb6 axb6 17. Bd2 Nb4 18. Bc4 Rfd8 19. Bc3 Nd5 20. Be5 Kf8 21. Bxd5 Rxa1 22. Rxa1 Bxe5 23. Bxb7 Bxb2 24. Ra8 Rxa8 25. Bxa8 c4 26. Bd5 c3 27. Bb3 Ke7 28. Nd4 Kd6 29. Kf1 Ke5 30. Ke2 1-0